Southville International School and Colleges
Your cart is empty.
  • Cart
  • Lists
    Public lists Eva Luna New books Lux_list list_1
    Your lists Log in to create your own lists
  • Log in to your account
  • Your cookies
  • Search history
Southville International School and Colleges
  • Advanced search
  • Recent comments
  • Most popular
  • Libraries

Log in to your account

Log in with GOOGLE


If you do not have an external account, but do have a local account, you can still log in:

  1. Home
  2. MARC view: Literacy and learning :
Normal view MARC view ISBD view

Literacy and learning : (Record no. 25000)

[ view plain ]
MARC details
000 -LEADER
fixed length control field 00604nam a2200193 a 4500
005 - DATE AND TIME OF LATEST TRANSACTION
control field 20140310183554.0
008 - FIXED-LENGTH DATA ELEMENTS--GENERAL INFORMATION
fixed length control field 111017s19uu xx 00 eng d
020 ## - INTERNATIONAL STANDARD BOOK NUMBER
International Standard Book Number 9780470401347
050 ## - LIBRARY OF CONGRESS CALL NUMBER
Classification number LC 151
Item number .B719 2009
100 ## - MAIN ENTRY--PERSONAL NAME
Personal name Brandt, Deborah
245 ## - TITLE STATEMENT
Title Literacy and learning :
Remainder of title reflections on writing, reading and society /
Statement of responsibility, etc Deborah Brandt.
260 ## - PUBLICATION, DISTRIBUTION, ETC. (IMPRINT)
Place of publication, distribution, etc San Francisco, California :
Name of publisher, distributor, etc Jossey-Bass,
Date of publication, distribution, etc 2009.
300 ## - PHYSICAL DESCRIPTION
Extent 205 p. :
Dimensions 22 cm.
521 ## - TARGET AUDIENCE NOTE
Target audience note
650 ## - SUBJECT ADDED ENTRY--TOPICAL TERM
Topical term or geographic name as entry element Literacy
General subdivision United States
650 ## - SUBJECT ADDED ENTRY--TOPICAL TERM
Topical term or geographic name as entry element Literacy
General subdivision Social aspects
-- United States
942 ## - ADDED ENTRY ELEMENTS (KOHA)
Koha item type Books
Source of classification or shelving scheme Library of Congress Classification
Call number prefix Foreign
Holdings
Withdrawn status Lost status Source of classification or shelving scheme Damaged status Home library Current library Shelving location Date acquired Source of acquisition Cost, normal purchase price Total Checkouts Full call number Barcode Date last seen Copy number Price effective from Koha item type
    Library of Congress Classification   College Library College Library General Circulation Section 10/17/2011 Donation 1697.00   LC 151 .B719 2009 C13865 05/15/2018 1 10/18/2013 Books

Literacy and learning :

APA

Brandt D., . (2009). Literacy and learning. San Francisco, California: Jossey-Bass.

Chicago

Brandt Deborah, . 2009. Literacy and learning. San Francisco, California: Jossey-Bass.

Harvard

Brandt D., . (2009). Literacy and learning. San Francisco, California: Jossey-Bass.

MLA

Brandt Deborah, . Literacy and learning. San Francisco, California: Jossey-Bass. 2009.

  • Place hold
  • Print
  • Cite
  • Add to your cart (remove)
  • Save record
    BIBTEX Dublin Core MARCXML MARC (non-Unicode/MARC-8) MARC (Unicode/UTF-8) MARC (Unicode/UTF-8, Standard) MODS (XML) RIS
  • More searches
    Search for this title in:
    Other Libraries (WorldCat) Other Databases (Google Scholar) Online Stores (Bookfinder.com) Open Library (openlibrary.org)

Exporting to Dublin Core...

SOUTHVILLE LIBRARY

Southville International School and Colleges Library

1281 Tropical Ave. Cor. Luxembourg St., BF Homes International, Las Pinas City

Tel. No. 8256374 / 252358 Loc. 117/146

Powered by Koha